|
|
|
|
| LEADER |
00000nam0a2200000 4500 |
| 001 |
276899 |
| 005 |
20231101234950.0 |
| 035 |
|
|
|a (RuTPU)RU\TPU\book\300172
|
| 090 |
|
|
|a 276899
|
| 100 |
|
|
|a 20141126d1986 k y0rusy50 ca
|
| 101 |
0 |
|
|a rus
|
| 102 |
|
|
|a RU
|
| 105 |
|
|
|a a z 001zy
|
| 200 |
1 |
|
|a Бурение скважин гидромониторными пикобурами
|f П. И. Букреев
|
| 210 |
|
|
|a Москва
|c Недра
|d 1986
|
| 215 |
|
|
|a 190 с.
|c ил.
|
| 320 |
|
|
|a Библиогр.: с. 188
|
| 606 |
1 |
|
|a Турбобуры
|2 stltpush
|3 (RuTPU)RU\TPU\subj\62057
|9 79209
|
| 610 |
1 |
|
|a скважины
|
| 610 |
1 |
|
|a бурение
|
| 610 |
1 |
|
|a гидромониторы
|
| 610 |
1 |
|
|a промывочные жидкости
|
| 610 |
1 |
|
|a беструбное бурение
|
| 610 |
1 |
|
|a буровые установки
|
| 610 |
1 |
|
|a глинистые станции
|
| 610 |
1 |
|
|a экономическая эффективность
|
| 675 |
|
|
|a 622.24.054.32
|v 3
|
| 700 |
|
1 |
|a Букреев
|b П. И.
|g Павел Иванович
|
| 801 |
|
1 |
|a RU
|b 63413507
|c 20141126
|
| 801 |
|
2 |
|a RU
|b 63413507
|c 20160505
|g RCR
|
| 942 |
|
|
|c BK
|